000 00513nam a2200193 a 4500
001 1769511816964
003 YourLibrary
005 20260127164609.0
008 260127s1993##################000#0#eng##
020 _a9781852785789
082 0 4 _a331.11
_bMIN.2
100 1 _aMincer, Jacob,
_eauthor.
245 1 0 _aStudies in Labor Supply :
260 _bEdward Elgar Publishing,
_c1993.
300 _a368 pages
650 0 _aBusiness & Economics.
942 _cENGLISH
040 _aYourLibrary
_beng
_cYourLibrary
999 _c609242
_d609242